000 02173nam a2200421 c 4500
999 _c196674
_d196674
003 BLK
005 20220225155832.0
008 180411b bul|||||r ||||||| ||bul||
010 _aKNG00205947000
040 _aBLK
041 _aBUL
_cBUL
072 7 _2bullib
_aН84
_xБългарска художествена литература Н
080 _aБългарска литература
_b821.163.2
_x-94
_z821.163.2-94
080 _aБългария през периода на общата криза на капитализма (1918-1944)
_b94(497.2)"1918/1945"
_x(092)(0:82-94)
_z94(497.2)"1918/1945"(092)(0:82-94)
080 _aПетър п. Константинов п. Иванов. Български духовник
_b929 Павел, митроп. Старозагорски
_z929 Павел, митроп. Старозагорски
100 1 _aПавел, митроп. Старозагорски
_eпърви автор
_9347511
139 _aПавел, митроп. Старозагорски
_bП 12
245 1 0 _aДневници
_b1919 - 1940
_cмитроп. Старозагорски Павел; състав. и встъп. статия Тодор Билчев Билчев.
257 _aBGR
260 _bИзд. авт.
_c2017
_fРусе : Авангард принт
300 _a488 с.
_bсъс сн., факс.
_c24 см
380 _aX
500 _aПавел - духовно име на Петър п. Константинов. - Бел. под линия.
600 1 4 _aПавел, митроп. Старозагорски
_9385607
650 4 _aПавел, митроп. Старозагорски
_9385607
651 4 _aБългария
_9241624
653 _aдневници
653 _aмитрополит Павел
653 _aмитрополити
653 _aбългарска история
659 _aН
700 1 _aБилчев, Тодор Билчев
_eсъстав. и встъп. статия
_9365819
852 _aЦб 285408
852 _aК 821.163.2/П 12
856 4 _qpdf
856 4 _qpdf
942 _cKNG
_n0
_s1
944 _aCR
_c09.05.2017
_lф /
_kВиолета_Тройчева
944 _aED
_c30.05.2017
_lф /
_kЛюдмила_Стоянова
999 _d196674